Reforma politiky životného prostredia Slovenskej republiky v kontexte prístupového procesu do Európskej únie príklad poplatkov za produkt v sektore odpadov Slovenskej republiky po nadobudnutí platnosti nového zákona o odpadoch
Ekonomické nástroje v politike životného prostredia krajín s rozvinutým trhovým hospodárstvom a v tranzitívnych ekonomikách strednej a východnej Európy. Účinnosť a efektívnosť poplatkov za produkt v odpadovom hospodárstve SR. Efektívnosť a environmentálna účinnosť v praxi. Poplatky a sadzby za komod...
Gespeichert in:
| 1. Verfasser: | |
|---|---|
| Weitere Verfasser: | |
| Format: | Buchkapitel |
| Sprache: | Slowakisch |
| Schlagworte: | |
| Tags: |
Keine Tags, Fügen Sie das erste Tag hinzu!
|
MARC
| LEADER | 00000naa$a2200000$$$4500 | ||
|---|---|---|---|
| 001 | 0008899 | ||
| 005 | 20230929074914.9 | ||
| 041 | 0 | |a slo | |
| 044 | |a SK | ||
| 245 | 1 | 0 | |a Reforma politiky životného prostredia Slovenskej republiky v kontexte prístupového procesu do Európskej únie |b príklad poplatkov za produkt v sektore odpadov Slovenskej republiky po nadobudnutí platnosti nového zákona o odpadoch |c aut. Lívia Bíziková, Tatiana Kluvánková-Oravská |
| 520 | |a Ekonomické nástroje v politike životného prostredia krajín s rozvinutým trhovým hospodárstvom a v tranzitívnych ekonomikách strednej a východnej Európy. Účinnosť a efektívnosť poplatkov za produkt v odpadovom hospodárstve SR. Efektívnosť a environmentálna účinnosť v praxi. Poplatky a sadzby za komodity: batérie, akumulátory, pneumatiky, oleje, mazivá, obalové materiály. Financovanie odpadového hospodárstva. | ||
| 610 | 2 | 0 | |a politika environmentálna |
| 610 | 2 | 0 | |a reformy |
| 610 | 2 | 0 | |a prostredie životné |
| 610 | 2 | 0 | |a nástroje ekonomické |
| 610 | 2 | 0 | |a hospodárstvo odpadové |
| 610 | 2 | 0 | |a odpad |
| 610 | 2 | 0 | |a poplatky |
| 610 | 2 | 0 | |a efektívnosť |
| 610 | 2 | 0 | |a Slovensko |
| 610 | 2 | 0 | |a Európska únia |
| 100 | 1 | |a Bíziková, Lívia | |
| 700 | 1 | |a Kluvánková-Oravská, Tatiana | |